000 00810nam a22002417a 4500
999 _c7107
_d7107
003 AR-CdUCM
008 190319b ||||| |||| 00| 0 spa d
040 _aMUNICIPALIDAD PROVINCIAL DEL CUSCO
_cBIBLIOTECA MUNICIPAL DEL CUSCO
041 _heng.
082 _a510.3 /
_bW29
100 _aWarusfel, Andre
_920025
245 _aDiccionario razonado de matemáticas :
_bDe las matemáticas clásicas a la matemática moderna /
260 _aMadrid :
_bTecnos,
_c1972.
300 _a498 paginas ;
_c23 cm.
505 _aContenido :Diccionario razonado de matemáticas /
650 _aMatematica
_920026
650 _aCiencia
_92098
650 _aDiccionarios
_95105
700 _aJaime Tortella (traductor)
_920027
700 _aCarmen de Azcarate (traductor)
_920028
942 _2ddc
_cLIBROS
945 _arjall